=LDR 00000nam 2200000 4500 =001 INLIS000000000028931 =005 20130612131212 =008 ***********************************Ind** =035 ##$$0010-061300000028931 =041 ##$$a Ind =082 ##$$a 420 =090 ##$$a 420, Rah p =100 ##$$a Rahman, Arief =245 ##$$a Persiapan toefl 101 dilengkapi dengan 92 strategi 500 soal dan pembahasan, Arief Rahman =260 ##$$a 2007 $b Jakarta =300 ##$$a 320 hlm, 21 cm =650 ##$$a Bahasa inggris =850 ##$$a NBPNMAT